<?xml version="1.0" encoding="UTF-8"?>
<record
    xmlns:xsi="http://www.w3.org/2001/XMLSchema-instance"
    xsi:schemaLocation="http://www.loc.gov/MARC21/slim http://www.loc.gov/standards/marcxml/schema/MARC21slim.xsd"
    xmlns="http://www.loc.gov/MARC21/slim">

  <leader>00879nam a22001817a 4500</leader>
  <controlfield tag="003">BR-ViAPE</controlfield>
  <controlfield tag="005">20260515115446.0</controlfield>
  <controlfield tag="008">260515s1861    pori   gs|||||000 0 por d</controlfield>
  <datafield tag="040" ind1=" " ind2=" ">
    <subfield code="c">BR-ViAPE</subfield>
  </datafield>
  <datafield tag="245" ind1=" " ind2=" ">
    <subfield code="a">Manual do promotores p&#xFA;blicos ou cole&#xE7;&#xE3;o dos atos, atribui&#xE7;&#xF5;es e deveres destes funcion&#xE1;rios por J. M. P. de Vasconcellos</subfield>
  </datafield>
  <datafield tag="260" ind1=" " ind2=" ">
    <subfield code="a">Vit&#xF3;ria</subfield>
    <subfield code="b">Typ. de Pedro Antonio d'Azeredo</subfield>
    <subfield code="c">1861</subfield>
  </datafield>
  <datafield tag="300" ind1=" " ind2=" ">
    <subfield code="a">75 p.</subfield>
    <subfield code="b">Documento digitalizado (PDF)</subfield>
  </datafield>
  <datafield tag="500" ind1=" " ind2=" ">
    <subfield code="a">Documento digitalizado do acervo institucional do Arquivo P&#xFA;blico do Estado do Esp&#xED;rito Santo - APEES.</subfield>
  </datafield>
  <datafield tag="650" ind1=" " ind2=" ">
    <subfield code="a">Direito administrativo</subfield>
    <subfield code="z">Esp&#xED;rito Santo (Brasil)</subfield>
  </datafield>
  <datafield tag="651" ind1=" " ind2=" ">
    <subfield code="a">Esp&#xED;rito Santo (Brasil)</subfield>
  </datafield>
  <datafield tag="856" ind1=" " ind2=" ">
    <subfield code="u">https://ape.es.gov.br/Media/ape/PDF/Livros/Livros_Historicos/Obras_raras/seculo_XIX/APEES_OR_manual_dos_promotores_1861.pdf</subfield>
    <subfield code="y">CLIQUE AQUI PARA ACESSAR O DOCUMENTO</subfield>
  </datafield>
  <datafield tag="942" ind1=" " ind2=" ">
    <subfield code="2">ddc</subfield>
    <subfield code="c">OBRAS_RARA</subfield>
    <subfield code="n">1</subfield>
  </datafield>
  <datafield tag="999" ind1=" " ind2=" ">
    <subfield code="c">679</subfield>
    <subfield code="d">679</subfield>
  </datafield>
  <datafield tag="952" ind1=" " ind2=" ">
    <subfield code="0">0</subfield>
    <subfield code="2">ddc</subfield>
    <subfield code="4">0</subfield>
    <subfield code="7">0</subfield>
    <subfield code="a">BIB.APEES</subfield>
    <subfield code="b">BIB.APEES</subfield>
    <subfield code="d">2026-05-15</subfield>
    <subfield code="l">0</subfield>
    <subfield code="r">2026-05-15 11:55:53</subfield>
    <subfield code="w">2026-05-15</subfield>
    <subfield code="y">OBRAS_RARA</subfield>
  </datafield>
</record>
